00592 a2200181 4500020001800000040001300018082001200031100001700043245007200060250003600132260002900168300003500197500004700232650001300279650004300292650003100335650004400366 a0-14-024351-8 aDLCbDLC a823.9121 aGates, Bill.04aThe road aheadcBill Gates with Nathan Myhrvold and Peter Rinearson aCompletely rev. and updated ed. aLondon :bPenguin,c1996 axviii, 332 p. :bill. ;c20 cm aOriginally published: London: Viking, 1995 7aInternet 7aInformation technologyxSocial aspects 7aComputers and civilization 7aInformation technology - Social aspects